Nuevas claves para la docencia universitaria: en el espacio europeo de educación superior
Uloženo v:
| Hlavní autoři: | , |
|---|---|
| Médium: | Kniha |
| Jazyk: | španělština |
| Vydáno: |
Madrid
Narcea
2005
|
| Vydání: | 1a. ed |
| Edice: | Colección Universitaria
|
| Témata: | |
| Tagy: |
Přidat tag
Žádné tagy, Buďte první, kdo vytvoří štítek k tomuto záznamu!
|
MARC
| LEADER | 00000nam a2200000 a 4500 | ||
|---|---|---|---|
| 001 | UCJ9732 | ||
| 003 | CL-VaPUC | ||
| 008 | 070405e20050000SP |||||||||||||||||spa|d | ||
| 020 | |a 8427715013 | ||
| 082 | 0 | 4 | |a 378.125 |b BEN |2 21 |
| 100 | 0 | |a Benito, Agueda |e author |9 519779 | |
| 700 | 0 | |a Cruz, Ana |e author |9 519780 | |
| 245 | 1 | 0 | |a Nuevas claves para la docencia universitaria: en el espacio europeo de educación superior |
| 250 | |a 1a. ed | ||
| 300 | |a 141 p | ||
| 942 | |c BK | ||
| 945 | |d 20070405 00:00:00 |a cmena | ||
| 260 | |a Madrid |b Narcea |c 2005 | ||
| 650 | 0 | |a Educación superior |9 223851 | |
| 650 | 0 | |a Calidad de la educación |9 307271 | |
| 650 | 0 | |a Universidades |9 256317 | |
| 650 | 0 | |a Formación profesional de profesores |9 307493 | |
| 650 | 0 | |a Docentes |9 311365 | |
| 583 | |a last modification |c 20170829 04:36:56 |k Rodrigo Vera | ||
| 490 | 0 | |a Colección Universitaria | |
| 999 | |c 325143 |d 325141 | ||
| 952 | |0 0 |1 0 |4 0 |6 378_125000000000000_BEN_2005 |7 0 |8 A |9 405744 |a BIBEDU |b BIBEDU |d 2019-11-22 |i 4327624 |o 378.125 BEN 2005 |p 4327624 |r 2019-11-22 |w 2019-11-22 |y BK |k EDU | ||